Kto robí (a platí) revolúciu vo vŕtaní
Rozhovor s výkonným riaditeľom GA Drilling Igorom Kočišom. Spoločnosť vyvíja technológiu plazmového vŕtania a frézovania, ktorá môže byť zásadnou disruptívnou inováciou v dobývaní pokladov z útrob zeme. Plazma má vŕtanie bezprecedentne zrýchliť a zlacnieť. Aké zložité je nájsť investorov pre rastúci...
Saved in:
| Main Author: | |
|---|---|
| Other Authors: | |
| Format: | Book Chapter |
| Language: | Slovak |
| Subjects: | |
| Tags: |
No Tags, Be the first to tag this record!
|
MARC
| LEADER | 00000naa a2200000 4500 | ||
|---|---|---|---|
| 001 | 0237261 | ||
| 005 | 20171113101708.8 | ||
| 041 | 0 | |a slo | |
| 044 | |a SK | ||
| 245 | 1 | 0 | |a Kto robí (a platí) revolúciu vo vŕtaní |c Jozef Andacký, Igor Kočiš |
| 520 | |a Rozhovor s výkonným riaditeľom GA Drilling Igorom Kočišom. Spoločnosť vyvíja technológiu plazmového vŕtania a frézovania, ktorá môže byť zásadnou disruptívnou inováciou v dobývaní pokladov z útrob zeme. Plazma má vŕtanie bezprecedentne zrýchliť a zlacnieť. Aké zložité je nájsť investorov pre rastúci projekt. | ||
| 610 | 2 | 0 | |a firmy |
| 610 | 2 | 0 | |a podnikanie |
| 610 | 2 | 0 | |a podnikatelia |
| 610 | 2 | 0 | |a inovácia |
| 610 | 2 | 0 | |a financovanie |
| 610 | 2 | 0 | |a zdroje finančné |
| 610 | 2 | 0 | |a ropa |
| 610 | 2 | 0 | |a technológie nové |
| 100 | 1 | |a Andacký, Jozef | |
| 700 | 1 | |a Kočiš, Igor | |